000 00242nam a2200109 4500
082 _a297AHM
100 _aHafiz Ahmedyar
245 _aIslamyat
260 _aIslamabad:
_bAllama Iqbal Open Univeristy,
_c1981.
300 _a263p. ;
942 _cBK
999 _c13019
_d13019